Urbanism, urbanization and change : comparative perspectives /

Guardado en:
Detalles Bibliográficos
Autor principal: Meadows, Paul (autor)
Otros autores: Mizruchi, Ephraim H. (autor) (autor)
Formato: Libro
Idioma:Inglés
Publicado: Massachusetts, EUA : Addison-Wesley, 1976
Edición:2a edición
Colección:(Sociology)
Temas:
Etiquetas: Agrega una etiqueta
Sin etiquetas, Sé el primero en etiquetar este registro!

MARC

LEADER 00000nam^a2200000^a^4500
001 000000364
005 20250521000000.0
009 20260310083024.114
020 |a 0-201-04616-4 
037 |a Acervo ITESO - Biblioteca 
041 |a ING 
082 |a 301. 01  |b MEA 
100 |a Meadows, Paul  |e (autor) 
245 1 0 |a Urbanism, urbanization and change :  |b comparative perspectives /  |c P. Meadows, E.H. Mizruchi. 
250 |a 2a edición 
264 1 |a Massachusetts, EUA :  |b Addison-Wesley,  |c 1976 
300 |a 555 p. 
336 |a texto  |b txt  |2 rdacontenido 
337 |a sin mediación  |b n  |2 rdamedio 
338 |a volumen  |b nc  |2 rdasoporte 
440 1 |a (Sociology) 
649 |a XX 
650 |a Sociología Urbana 
650 |a Desarrollo Urbano 
650 |a Cambios Sociales y Culturales 
650 |a Urbanismo 
700 |a Mizruchi, Ephraim H.  |e (autor) 
910 |a Fondo General 
920 |a Impresos - Libros 
930 |a Colección General 
905 |a 101 
901 |a 0003640100  |b IT1  |c ACC  |i 000364  |u 20250521 
902 |a https://opac.biblio.iteso.mx/vufind/Record/000000364